000
00304nam a2200133Ia 4500
100
_a
De/SA/A
942
_c
RB
654
_a
electronic instrumentation
245
_a
Principle of electronic instrumentation
260
_b
Edword arnold
_a
London
_c
1990
300
_a
270
546
_a
ENGLISH
999
_c
33241
_d
33241